Instructions for the preparation and distribution of material status reports : (DOE/NRC forms 742 and 742C), effective date: April 1, 2017 /

Bibliographic Details
Main Author: Shoemaker, Mirabelle (Author)
Format: Government Document eBook
Language:English
Published: Washington, DC : United States Nuclear Regulatory Commission, Office of Nuclear Material Safety and Safeguards, March 2017.
Edition:Revised 7.
Series:NUREG/BR ; 0007.
Subjects:
Online Access:https://purl.fdlp.gov/GPO/gpo80203

MARC

Tag First Indicator Second Indicator Subfields
LEADER 00000cam a2200000Ii 4500
001 in00003840813
005 20211120182319.0
006 m o d f
007 cr |||||||||||
008 170511e201703 dcu ot f000 0 eng d
035 |a (OCoLC)ocn986790199 
043 |a n-us--- 
040 |a GPO  |b eng  |e rda  |e pn  |c GPO  |d GPO  |d MvI 
049 |a WWW 
074 |a 1051-H-20 (online) 
086 0 |a Y 3.N 88:31/0007/REV.7 
100 1 |a Shoemaker, Mirabelle,  |e author. 
245 1 0 |a Instructions for the preparation and distribution of material status reports :  |b (DOE/NRC forms 742 and 742C), effective date: April 1, 2017 /  |c prepared by C.A. Collins. 
246 3 0 |a (DOE/NRC forms 742 and 742C), effective date: April 1, 2017 
250 |a Revised 7. 
264 1 |a Washington, DC :  |b United States Nuclear Regulatory Commission, Office of Nuclear Material Safety and Safeguards,  |c March 2017. 
300 |a 1 online resource (various pagings). 
336 |a text  |b txt  |2 rdacontent 
337 |a computer  |b c  |2 rdamedia 
338 |a online resource  |b cr  |2 rdacarrier 
490 1 |a NUREG/BR ;  |v 0007 
588 |a Description based on online resource; title from PDF title page (viewed on Apr. 27, 2017). 
500 |a "Manuscript completed: February 2017; date published: March 2017." 
500 |a "Performing organization: Division of Fuel Cycle Safety, Safeguards and Environmental Review, Office of Nuclear Material Safety and Safeguards, U.S. Nuclear Regulatory Commission"--Bibliographic data sheet. 
513 |a Technical report. 
650 0 |a Nuclear fuels  |x Safety regulations  |z United States. 
650 0 |a Radioactive substances  |x Safety regulations  |z United States. 
650 0 |a Nuclear industry  |x Government policy  |z United States. 
710 2 |a U.S. Nuclear Regulatory Commission.  |b Office of Nuclear Material Safety and Safeguards,  |e issuing body. 
776 0 8 |i Print version:  |a Shoemaker, Mirabelle.  |t Instructions for the preparation and distribution of material status reports  |w (OCoLC)986790119 
830 0 |a NUREG/BR ;  |v 0007. 
856 4 0 |u https://purl.fdlp.gov/GPO/gpo80203  |t 0 
999 f f |s 51b545a6-9518-379d-8f1f-1c2524f20ad0  |i b1a74f92-fb78-3b62-972d-bac696cf5b43  |t 0 
952 f f |a Texas A&M University  |b College Station  |c Electronic Resources  |d Available Online  |t 0  |e Y 3.N 88:31/0007/REV.7  |h Superintendent of Documents classification 
998 f f |a Y 3.N 88:31/0007/REV.7  |t 0  |l Available Online